| Tag |
First Indicator |
Second Indicator |
Subfields |
| LEADER |
00000pam a22000004a 4500 |
| 001 |
in00002024935 |
| 005 |
20151031180648.0 |
| 008 |
040319s2005 nyua 000 0 eng |
| 010 |
|
|
|a 2004006650
|
| 015 |
|
|
|a GBA4-W9832
|
| 020 |
|
|
|a 1568984286 (hardcover : alk. paper)
|
| 020 |
|
|
|a 1568984693 (pbk. : alk. paper)
|
| 035 |
|
|
|a (OCoLC)ocm54806453
|
| 040 |
|
|
|a DLC
|c DLC
|d YDX
|d UKM
|d UtOrBLW
|
| 042 |
|
|
|a pcc
|
| 043 |
|
|
|a n-us---
|
| 049 |
|
|
|a TXAM
|
| 050 |
0 |
0 |
|a NA737.P554
|b A4 2005
|
| 082 |
0 |
0 |
|a 725/.092/2
|2 22
|
| 245 |
0 |
0 |
|a Polshek Partnership Architects /
|c James S. Polshek [and others].
|
| 264 |
|
1 |
|a New York :
|b Princeton Architectural Press,
|c [2005]
|
| 264 |
|
4 |
|c ©2005
|
| 300 |
|
|
|a vii, 222 pages :
|b illustrations (chiefly color) ;
|c 24 cm x 31 cm.
|
| 336 |
|
|
|a text
|b txt
|2 rdacontent
|
| 337 |
|
|
|a unmediated
|b n
|2 rdamedia
|
| 338 |
|
|
|a volume
|b nc
|2 rdacarrier
|
| 610 |
2 |
0 |
|a Polshek Partnership Architects.
|
| 650 |
|
0 |
|a Architecture
|z United States
|x History
|y 20th century.
|
| 650 |
|
0 |
|a Architecture
|z United States
|x History
|y 21st century.
|
| 650 |
|
0 |
|a Public buildings
|z United States.
|
| 700 |
1 |
|
|a Polshek, James Stewart.
|
| 710 |
2 |
|
|a Polshek Partnership Architects.
|
| 856 |
4 |
1 |
|3 Table of contents
|u http://www.loc.gov/catdir/toc/ecip0416/2004006650.html
|t 0
|
| 945 |
|
|
|i PromptCat
|
| 948 |
|
|
|a cataloged
|b cmulkey
|c 2005/2/14
|d 11:00:47 am
|
| 994 |
|
|
|a 92
|b TXA
|
| 999 |
|
|
|a MARS
|
| 999 |
f |
f |
|s 2ad3166c-afc6-3240-81a5-6eb56824ce74
|i 7af361ea-1dc7-3ddc-9210-dc5b70989509
|t 0
|
| 952 |
f |
f |
|p ric
|a Texas A&M University
|b Rellis Campus
|c Joint Library Facility
|d Remote Storage
|t 0
|e NA737.P554 A4 2005
|h Library of Congress classification
|i unmediated -- volume
|m A14832498341
|
| 998 |
f |
f |
|a NA737.P554 A4 2005
|t 0
|l Remote Storage
|